00723cam a2200241 a 450000100090000000300050000900500170001400800410003101000170007202000250008902000220011404000130013605000200014908200110016910000310018024500810021125000120029226000410030430000320034550400510037765000340042870000190046214718329NUST20180117090030.0070131s2008 maua b 001 0 eng  a 2007922077 a9780495015857 (pbk.) a0495015857 (pbk.) aDLCcDLC00aH61b.H682 2008 a300.721 aHoover, Kenneth R.,d1940-14aThe elements of social scientific thinking /cKenneth Hoover, Todd Donovan. a9th ed. aBoston :bThomson/Wadsworth,cc2008. ax, 205 p. :bill. ;c22 cm. aIncludes bibliographical references and index. 0aSocial sciencesxMethodology.1 aDonovan, Todd.